[Event "Vigevano U20 op 4th"]
[Site "Vigevano"]
[Date "2025.05.31"]
[Round "2"]
[White "Domene Mulyukov, Alexander"]
[Black "Ceccato, Thomas Iljic"]
[Result "1-0"]
[WhiteElo "2191"]
[BlackElo "1758"]
[PlyCount "37"]
[EventDate "2025.05.31"]
[EventType "swiss"]
[EventRounds "7"]
[EventCountry "ITA"]
[SourceTitle "CB23_2025"]
[SourceDate "2025.06.04"]
[SourceVersion "1"]
[SourceVersionDate "2025.06.04"]
[SourceQuality "1"]

1. Nf3 b6 2. e4 Bb7 3. Nc3 Nf6 4. e5 Nd5 5. Nxd5 Bxd5 6. d4 e6 7. Bd3 d6 8. 0-0 Be7 9. c3 Nd7 10. Re1 h5 11. c4 Bxf3 12. Qxf3 dxe5 13. dxe5 g5 14. Be4 Nxe5 15. Qc3 Bf6 16. Bxa8 g4 17. Bg5 Nf3+ 18. Bxf3 Bxc3 19. Bc6+ 1-0